| 000 | 01195nam0a2200289 i 4500 | ||
|---|---|---|---|
| 001 | RU\NLR\BIBL_A\011337104 | ||
| 005 | 20260406052915.0 | ||
| 010 |
_a9785000538609 _92000 |
||
| 021 |
_aRU _b2017-6887 _9500 |
||
| 035 | _a(NILC)LIBNET\0000741888 | ||
| 035 | _a(NLR Aleph) 011337104 | ||
| 090 |
_a11168464 _c11168464 |
||
| 100 | _a20170302d2017 u y0rusy50 ca | ||
| 101 | 1 |
_arus _ceng |
|
| 102 | _aRU | ||
| 105 | _aac z 000zy | ||
| 200 | 1 |
_aСвобода от известного _e[для лиц старше 16 лет] _fДжидду Кришнамурти _gс предисловием Дэвида Свитта _gредактор английского текста Мэри Лютьенс _g[пер. с англ. С. Матвеев] |
|
| 210 |
_aМосква _cАмрита-Русь _d2017 |
||
| 215 |
_a175 с. _cил., портр. _d20 |
||
| 606 |
_aРелигиозная философия _yИндия _z20 в. _92078120 _3RU\NLR\AUTH\661253944 |
||
| 675 | _a1(590) | ||
| 686 | 1 | _aЮ3(5Ид)6-678 | |
| 700 | 1 |
_7ca _8rus _aКришнамурти _bД. _f1895-1986 _gДжидду _9117696 _3RU\NLR\AUTH\777765 |
|
| 942 | _cBOOK | ||
| 980 | _aNBR | ||